00421pab a2200145 454500008004000000100001900040245007600059260000900135300001200144362001200156650001800168650002500186650001700211773004700228180718b2014 xxu||||| |||| 00| 0 eng d aChen, Wan-Jiun aAnalysis of producers cooperatives and supply of organic rice in Taiwan c2014 ap.7-38. aJul-Dec aRice - Taiwan aCoperatives - Taiwan aCooperatives aAfrican-Asian Journal of Rural Development